000 00334nam a22001457a 4500
003 SGT
020 _a978-1-84619-485-4
082 _a610
_bT11M
100 _aMAHANNA, KAY
245 _aTEACHING MADE EASY: A MANUAL OF HEALTH PROFESSIONALS
250 _a3RD
260 _aNEW YORK
_bCRC
_c2011
300 _a259
942 _2ddc
_cBK
999 _c15228
_d15228